000 01655cam a22004094i 4500
003 PE-LiUPU
005 20250731183353.0
008 160914s2013 cl a rb 000 0 spa d
020 _a9588572835
020 _a9789588572833
035 _a(Sirsi) a163465
040 _aPE-LiUPU
_bspa
_cPE-LiUPU
_erda
049 _aPRUA
082 0 4 _a711.4
_bC39
_221
100 1 _aCuestas Beleño, Andrés,
_eautor.
245 _aSistemas urbanos :
_bentre lo contexual y lo autorreferencial /
_cAndrés Cuestas Beleño.
250 _aPrimera edición.
264 _aBogotá :
_bUniversidad de la Salle,
_c2013.
300 _a140 páginas :
_bIlustraciones ;
_c24 centímetros.
336 _atext
_2rdacontent
337 _aunmediated
_2rdamedia
338 _avolume
_2rdacarrier
504 _aBibliografía : páginas 109-111.
505 0 _aEl espacio académico y su proceso formativo -- Acercamiento a los sistemas -- La borrosidad del territorio y los sistemas -- Estrategia didáctica para la intervención en diferentes niveles territoriales desde los sistemas urbanos.
526 _aP158
526 _aP146
526 _aP17
526 _aP12
526 _aP06
910 _ajck
_bncf
_cncf
_d20160914
942 _2ddc
_cBOOK
949 _a711.4 C39
_wDEWEY
_i70701
_lCATALOGIN
_mBUL
_p8.99
_r0
_sY
_tBOOK
_u2016-09-14
_xINGINIERIA
_z
_0CIVIL
_o.STAFF. Colección FIA
994 _aC0
_bPEPRU
596 _a1
999 _a711.4 C39
_wDEWEY
_c12340
_i70701
_d12340
_f2021-11-9
_g9
_lCCODEBUL1
_mBUL
_p8.99
_q1
_r0
_sY
_tBOOK
_u2016-9-14
_xINGENIERIA
_PP25
_0COMPRA
_o.STAFF. Colección FIA
980 _81
_gALBERTO SANCHEZ Responsable de Automatización